000
00391nam a22001217a 4500
040
_c
RUA
082
_a
ACI BOB 2009 C160 Or.
100
_a
BOB MARTIN, បប់ ម៉ាទីន & DEBOAH WHITE, ដេបូរ៉ា វ៉ាយ,
245
_a
យ៉ូរ៉ានី និងស្រឹងបៃតង
260
_a
PHNOM PENH
_b
RUA
_c
2009
300
_a
47p.
_b
ill.
_c
25cm,
942
_c
KB
999
_c
25530
_d
25530